Top 15 Least Guessed Flags in “All Country Flags Of The World” - Statistics

General Stats
  • This quiz has been taken 179 times
  • The average score is 11 of 15
Answer Stats
Picture Answer % Correct
Gambia
87%
Suriname
82%
Tuvalu
79%
Guinea Bissau
77%
Sierra Leone
77%
Grenada
76%
Solomon Islands
76%
Saint Vincent and the Grenadines
75%
Mauritius
74%
São Tomé and Príncipe
73%
Guinea
71%
Saint Kitts and Nevis
70%
Vanuatu
70%
Bolivia
68%
Equatorial Guinea
68%
No matching quizzes found
Score Distribution
Percent of People with Each Score
Percentile by Number Answered
Your Score History
You have not taken this quiz